| 000 | 01458cam a22004337a 4500 | ||
|---|---|---|---|
| 003 | EG-ScBUE | ||
| 005 | 20220609100016.0 | ||
| 008 | 140506t2010 enka f d 000 0 eng d | ||
| 020 | _a9781424029402 (v. 2) | ||
| 020 | _a1424029406 (v. 2) | ||
| 020 | _a9781424029419 (v. 3) | ||
| 020 | _a1424029414 (v. 3) | ||
| 020 | _a9781424028894 (v. 1) | ||
| 020 | _a1424028892 (v. 1) | ||
| 020 | _a9781424029426 (v. 4) | ||
| 020 | _a1424029422 (v. 4) | ||
| 040 |
_aEG-ScBUE _beng _erda _cEG-ScBUE _dEG-ScBUE |
||
| 082 | 0 | 4 |
_222 _a428.43 _bMAC |
| 100 | 1 |
_935963 _aMaclntyre, Paul, _eauthor. |
|
| 245 | 1 | 0 |
_aReading explorer 2, _pTeacher's guide / _cPaul Maclntyre, Nancy Hubley. |
| 246 | 3 | 0 | _aTeacher's guide |
| 264 | 1 |
_aBoston, Massachusetts : _bHeinle, Cengage Learning, _c[2010] |
|
| 264 | 4 | _cc2010 | |
| 300 |
_a4 volumes : _billustrations ; _c28 cm |
||
| 336 |
_2rdacontent _atext _btxt |
||
| 337 |
_2rdamedia _aunmediated _bn |
||
| 338 |
_2rdacarrier _avolume _bnc |
||
| 500 | _aAt head of cover : National Geographic. | ||
| 500 | _aIncludes glossary. | ||
| 505 | 0 | _aVolume 1 -- Volume 2 -- Volume 3 -- Volume 4. | |
| 650 | 7 |
_913995 _aReading comprehension. _2BUEsh |
|
| 650 | 7 |
_935962 _aDiscoveries in geography. _2BUEsh |
|
| 651 | _2BUEsh | ||
| 653 |
_cMay2014 _bHHUUEENN |
||
| 655 |
_vReading book _934232 |
||
| 700 | 1 |
_aHubley, Nancy, _eauthor. _91610 |
|
| 710 | 2 |
_914131 _aNational Geographic Society (U.S.) |
|
| 942 |
_2ddc _k428.43 MAC _cBB |
||
| 999 |
_c18258 _d18230 |
||